Vainqueurs de la Coupe d'Asie - Statistiques

Statistiques générales
  • Ce quiz a été pris 74 fois
  • Le résultat moyen est 16 sur 18
Statistiques - réponses
Edition Vainqueur Score Finaliste % Correct
1956 Corée du Sud TTR Israël
100%
1960 Corée du Sud TTR Israël
100%
1992 Japon 1-0 Arabie Saoudite
98%
2000 Japon 1-0 Arabie Saoudite
98%
2004 Japon 3-1 Chine
98%
2011 Japon 1-0 Australie
98%
1984 Arabie Saoudite 2-0 Chine
97%
1988 Arabie Saoudite 0-0 (4-3) Corée du Sud
97%
1996 Arabie Saoudite 0-0 (4-2) Emirats Arabes Unis
97%
2019 Qatar 3-1 Japon
92%
2023 Qatar 3-1 Jordanie
92%
1968 Iran TTR Birmanie
86%
1972 Iran 2-1 Corée du Sud
86%
1976 Iran 1-0 Koweit
86%
2015 Australie 2-1 Corée du Sud
83%
2007 Irak 1-0 Arabie Saoudite
77%
1964 Israël TTR Inde
77%
1980 Koweit 3-0 Corée du Sud
65%
Aucun quiz correspondant
Distribution des résultats
% des personnes avec chaque résultat
Percentile par nombre de réponses
Votre historique - résultats
Vous n’avez pas pris ce quiz